Countries with a similar land area as Indian states - Statistics

General Stats
  • This quiz has been taken 11 times
  • The average score is 2 of 15
Answer Stats
Hint Answer % Correct
Germany Rajasthan
56%
Lebanon Tripura
33%
Austria West Bengal
33%
Croatia Himachal Pradesh
22%
Bhutan Kerala
22%
United Kingdom Uttar Pradesh
22%
Hungary Bihar
11%
Denmark Haryana
11%
Poland Madhya Pradesh
11%
Greece Tamil Nadu
11%
Czech Republic Assam
0%
Belarus Gujarat
0%
Kyrgyzstan Karnataka
0%
Italy Maharashtra
0%
Bosnia and Herzegovina Punjab
0%
No matching quizzes found
Score Distribution
Percent of People with Each Score
Percentile by Number Answered
Your Score History
You have not taken this quiz